NLSUI OPAC header image

Cries in wilderness (Record no. 36280)

MARC details
000 -LEADER
fixed length control field 02240nam a2200205Ia 4500
003 - CONTROL NUMBER IDENTIFIER
control field OSt
005 - DATE AND TIME OF LATEST TRANSACTION
control field 20210327165024.0
008 - FIXED-LENGTH DATA ELEMENTS--GENERAL INFORMATION
fixed length control field 160316s2014 xxu||||| |||| 00| 0 eng d
040 ## - CATALOGING SOURCE
Transcribing agency .
082 ## - DEWEY DECIMAL CLASSIFICATION NUMBER
Classification number 340.092
Item number CHA
100 ## - MAIN ENTRY--PERSONAL NAME
Personal name Chavan R C
245 ## - TITLE STATEMENT
Title Cries in wilderness
260 ## - PUBLICATION, DISTRIBUTION, ETC.
Place of publication, distribution, etc. Mumbai
Name of publisher, distributor, etc. Kiran Chavan
Date of publication, distribution, etc. 2014
300 ## - PHYSICAL DESCRIPTION
Extent 304p
365 ## - TRADE PRICE
Price amount Rs. 300
505 ## - FORMATTED CONTENTS NOTE
Formatted contents note Contents <br/>1 Using Information And Communication Technology In Governance-An Experiment In Maharashtra Judiciary; <br/>2 E-courts Project : Citizen at the Center of Court Processes;<br/>3 Video Conferencing In Courts ;<br/>4 Beyond Kolhapur Bench ;<br/>5 Legal order in the 21st century ;<br/>6 Challenges before the Legal Profession ;<br/>7 Litigants, Lawyers, and Judges: A journey from frustrating tangle to a harmonious triangle;<br/>8 Spectator Judges and Dictator Judges ; <br/>9 Making the Judicial Process More Effective ;<br/>10 Managing Courts ;<br/>11 Increase in Acquittal of the Persons Accused Causes and Remedies:Judicial point of view;<br/>12 Role of Courts In Enhancing Access To Justice;<br/>13 Administration of Criminal Justice : Issues and Challenges; <br/>14 Fair trial Rights and the Criminal Justice System;<br/>15 Judicial Officers and Judicial administration ; <br/>16 Lok Adulates and ADR Mechanisms for Controlling Delay and Pendency ;<br/>17 Legal Services to disaster victims ;<br/>18 Human Resource and Court Management for Principal District Judges / 139 Cries In Wilderness ;<br/>19 Professional Ethics and Conduct of Advocates ;<br/>20 Decline of Bar ;<br/>21 Right of Silence or a Gag; <br/>22 Containing Corruption and Improving the Image Of the Judiciary ;<br/>23 Doctrine of Precedent ;<br/>24 Judicial Process : Social Legitimacy and Institutional Viability ;<br/>25 In Quest Of Social Justice; <br/>26 Law In Changing Society; <br/>27 Police And Human Rights;<br/>28 War against Terror and Human Rights ;<br/>29 Human Rights and Constitution; <br/>30 Human Rights And Tribal;<br/>31 Corporate Governance and Relevance of the Right to Live with Dignity ;<br/>32 Medical Jurisprudence and Medical Negligence ;<br/>33, Having Crossed the Lakshman-Rekha;<br/>34 Farewell Speech on 19th) Sep. 2013 at Full Court Meeting;<br/>Epilogue.<br/><br/><br/>
650 ## - SUBJECT ADDED ENTRY--TOPICAL TERM
Topical term or geographic name entry element 1. Legal Biographies - R C Chavan
700 ## - ADDED ENTRY--PERSONAL NAME
Personal name
--
942 ## - ADDED ENTRY ELEMENTS (KOHA)
Source of classification or shelving scheme Dewey Decimal Classification
Koha item type BOOKs
Holdings
Withdrawn status Lost status Damaged status Not for loan Home library Current library Shelving location Date acquired Cost, normal purchase price Total Checkouts Full call number Barcode Date last seen Price effective from Koha item type
        . .   30.05.2017 300.00   340.092 CHA 31315 30.05.2017 30.05.2017 BOOKs